000 00401nam a2200169Ia 4500
008 230711s9999||||xx |||||||||||||| ||und||
020 _a81-85240-80-9
041 _aENG
082 _a628.1
_bMA-W
100 _aMathur,R.P
245 0 _aWater waste water testing
250 _a4th Ed.
260 _c2005
_aNew Delhi
_bNem Chand & Bros
300 _a55p.
650 _aCivil Engineering
942 _cBK
999 _c6126
_d6126